000 00307nam a2200133 i 4500
001 bg
100 1 _aKOSTECKI, M.
245 0 _aKadra kierownicza w przemyƛle /
_cM. Kostecki.
260 _aWarszawa,
_c1979.
040 _cBPK
041 _apol
942 _cKS
008 s pl f |000 0 pol
999 _c18639
_d18639
856 _uhttp://koha.tu.koszalin.pl/cgi-bin/koha/opac-detail.pl?biblionumber=18639
_yKatalog online BPK